000
00211 a2200109 4500
020
_a
0-439-13954-6
041
_a
spa
100
_a
griego, margot
245
_a
tortillitas para mama
942
_c
BK
952
_7
1
999
_c
17891
_d
17891